000 01181nas a2200409 4500
001 BR0104794
003 BR-BrBNA
005 20231205102445.0
007 ta
008 230509b bl.|||p| |||| 00| 00por d
040 _aBR-BrBNA
_bpor
_cBiblioteca Nacional de Agricultura
041 _a(Pt)
072 _aL51
100 1 _aFregadolli, F.L.
100 1 _aZeoula, L.M.
100 1 _aBranco, A.F.
100 1 _aPrado, I.N. do
100 1 _aNeto, S.F.C.
100 1 _aGuimaraes, K.C.
100 1 _aKassies, M.P.
100 1 _aDalponte, A.O.
245 1 _aEfeito das fontes de amido e nitrogenio de diferentes degradabilidades ruminais; 2: pH, concentracao de amonia no liquido ruminal e eficiencia de sintese microbiana
650 _aRuminante
650 _aAmido
650 _aNitrogenio
650 _aPH
650 _aAmonia
650 _aCasca
650 _aFarelo
650 _aFermento
650 _aAlgodao
650 _aMilho
650 _aMandioca
773 0 _tRevista Brasileira de Zootecnia (Brazil)
_xISSN 1516-3598
_g(May-Jun 2001), v. 30(3) p. 870-879
_wBR0104794
909 _a202311
_bLúcia
_c55
_dLúcia Elande
942 _2AGRIS
_n0
_cANA
999 _c167671
_d167671